Guess The Fast Food Industry Based On A Ridiculous Scandal - Statistics

General Stats
  • This quiz has been taken 54 times
  • The average score is 3 of 5
Answer Stats
Scandal Industry % Correct
Elderly woman suffered 3rd degree burns after spilling veryhot coffee on herself and sued for $3 million. McDonald's
91%
Rumored to have contained horse meat in their burgers Burger King
87%
Tests run on the meat revealed that it was only 35% meat Taco Bell
38%
Chairman says racial slur and blames slow business onNFL players kneeling during the national anthem Papa John's
31%
Creating a menu item sharing an abbreviation with a certainKlan Krispy Kreme
11%
No matching quizzes found
Score Distribution
Percent of People with Each Score
Percentile by Number Answered
Your Score History
You have not taken this quiz